| 000 | 00704nam a22002057a 4500 | ||
|---|---|---|---|
| 999 |
_c12764 _d12764 |
||
| 003 | AR-CdUCM | ||
| 008 | 190410b ||||| |||| 00| 0 spa d | ||
| 040 |
_aMUNICIPALIDAD PROVINCIAL DEL CUSCO _cBIBLIOTECA MUNICIPAL DEL CUSCO |
||
| 082 |
_a108.2 / _bJ25 |
||
| 100 |
_aJaspers, Karl _929283 |
||
| 245 | _aDescartes y la filosofía / | ||
| 260 |
_aBuenos Aires : _bLeviatán, _c1958. |
||
| 300 |
_a122 páginas ; _c20 cm. |
||
| 505 | _aContenido : El proceso de las ideas fundamentales -- El método -- El carácter de la filosofía cartesiana en general. | ||
| 650 |
_aFilosofía _9395 |
||
| 650 |
_aHistoria _9136 |
||
| 650 |
_aUniversal _918236 |
||
| 942 |
_2ddc _cLIBROS |
||
| 945 |
_arah _d10/04/2019 |
||